01390nam a2200217 a 450000100100000000500170001000800410002704000250006808200150009311000330010824000180014124501850015925000120034426000330035630000210038950505100041070000450092071000770096595201130104299900170115500004511620201002045906.0150203s2014 dr 000 0 spa d aDO-SdBNPbspacBNPHU axxxxbxxxx1 aRepública Dominicana.944710a[Leyes, etc.]10aCompendio de normas sobre profesionalización de la función pública :bLey de Función Pública y sus reglamentos de aplicación /cpresentación ; Ramón Ventura Camejo. a8va ed. aSanto Domingo :aMAP,c2014. a253 p. ;c22 cm.0 aLey no. 41-08 de función pública --tReglamento de relaciones laborales en la administración pública. No. 523-09 --tReglamento de reclutamiento y selección de personal en la administración pública. No. 524-09 --tReglamento de evaluación del desenpeño y promoción de los servidores y funcionarios de la administración pública. No. 525-09 --tReglamento de estructura organizativa, cargo y política salarial. No. 527-09tLey orgáica de admistración pública (ley No. 247-12)12aVentura Camejo, Ramónepresent.92693722aRepública Dominicana.bMinisterio de Administración Pública938094 0010718PDaPDbPDcCTd2015-02-03iLF1l0oxxxx xxxxp45116-10r2020-06-25w2020-06-25yLFPDZNo se presta c44605d44605